Подробности
| 000 -МАРКЕР |
| контрольное поле |
01618nam0a22003011 4500 |
| 001 - ИДЕНТИФИКАТОР ЗАПИСИ |
| контрольное поле |
rc\196615 |
| 005 - ИДЕНТИФИКАТОР ВЕРСИИ |
| контрольное поле |
20260407011235.0 |
| 035 ## - ДРУГИЕ СИСТЕМНЫЕ НОМЕРА |
| Идентификатор записи |
(NLR Aleph) 008748230 |
| 100 ## - ДАННЫЕ ОБЩЕЙ ОБРАБОТКИ |
| Данные общей обработки |
20030307d1991 |||y0rusy50 ca |
| 101 0# - ЯЗЫК РЕСУРСА |
| Язык текста, звукозаписи и т.д. |
русский |
| -- |
испанский, кастильский испанский |
| 102 ## - СТРАНА ПУБЛИКАЦИИ ИЛИ ПРОИЗВОДСТВА |
| Страна публикации |
Российская Федерация |
| 105 ## - ПОЛЕ КОДИРОВАННЫХ ДАННЫХ: ТЕКСТОВЫЕ МАТЕРИАЛЫ, МОНОГРАФИЧЕСКИЕ |
| Кодированные данные о монографическом текстовом документе |
a ||||||||| |
| 200 1# - ЗАГЛАВИЕ И СВЕДЕНИЯ ОБ ОТВЕТСТВЕННОСТИ |
| Основное заглавие |
Таир Салахов |
| Параллельное заглавие |
Tair Salajov |
| Сведения, относящиеся к заглавию |
[Выст. произведений] |
| -- |
Каталог |
| Первые сведения об ответственности |
[Пер. Е. Беловой |
| Последующие сведения об ответственности |
Сост. Ш.М. Анаркулова |
| -- |
Авт. вступ. ст. Ю.Э. Осмоловский] |
| 210 ## - ПУБЛИКАЦИЯ, РАСПРОСТРАНЕНИЕ И ДР. |
| Место издания, распространения и т.д. |
М. |
| Имя издателя, распространителя и т. д. |
Сов. художник |
| Место издания, распространения и т.д. |
Мехико |
| Имя издателя, распространителя и т. д. |
Б. и. |
| Дата издания, распространения и т.д. |
1991 |
| 215 ## - ФИЗИЧЕСКАЯ ХАРАКТЕРИСТИКА |
| Специфическое обозначение материала и объем |
[69] с. |
| Другие сведения о физической характеристике |
ил., цв. ил. |
| Размеры |
29 |
| 300 ## - ОБЩИЕ ПРИМЕЧАНИЯ |
| Текст примечания |
В надзаг.: М-во иностр. дел Мексики, Посольство Мексики в СССР, Нац. совет по культуре и искуству Мексики, нац. ин-т изящ. искусств, Музей Диего Риверы, Союз художников СССР, Посольство СССР в Мексике |
| 300 ## - ОБЩИЕ ПРИМЕЧАНИЯ |
| Текст примечания |
Текст парал. на рус. и исп. яз. |
| 510 0# - ПАРАЛЛЕЛЬНОЕ ЗАГЛАВИЕ |
| Параллельное заглавие |
Tair Salajov |
| 600 #1 - ИМЯ ЛИЦА КАК ПРЕДМЕТ |
| Начальный элемент ввода |
Салахов |
| Часть имени, кроме начального элемента ввода |
Т. |
| Расширение инициалов личного имени |
Таир |
| Даты |
1928 |
| Тематический подзаголовок |
Выставки |
| Географический подзаголовок |
Мехико |
| Хронологический подзаголовок |
1991 |
| Код системы |
nlr_sh1 |
| 702 #1 - ИМЯ ЛИЦА - ВТОРИЧНАЯ ОТВЕТСТВЕННОСТЬ |
| Начальный элемент ввода |
Анаркулова |
| Часть имени, кроме начального элемента ввода |
Ш.М. |
| Расширение инициалов личного имени |
Шарофат Мирзобабаевна |
| Код отношения |
Составитель |
| 710 10 - НАИМЕНОВАНИЕ ОРГАНИЗАЦИИ - ПЕРВИЧНАЯ ОТВЕТСТВЕННОСТЬ |
| Начальный элемент ввода |
Салахов, |
| Инверсированный элемент |
Таир |
| Часть наименования, отличная от начального элемента ввода и от инверсированного элемента |
Выставка произведений |
| Дата проведения временной организации |
1991 |
| Место проведения временной организации |
Мехико |
| Идентификатор авторитетной/нормативной записи |
RU\NLR\AUTH\889998541 |
| Системный номер авторитетной/нормативной записи |
494482 |
| 801 #0 - ИСТОЧНИК ЗАПИСИ |
| Страна |
Российская Федерация |
| Организация |
NLR |
| Правила каталогизации |
psbo |
| 801 #1 - ИСТОЧНИК ЗАПИСИ |
| Страна |
Российская Федерация |
| Организация |
ELAR |
| Источник данных |
rusmarc |
| 801 #2 - ИСТОЧНИК ЗАПИСИ |
| Страна |
Российская Федерация |
| Организация |
NLR |
| Дата составления |
20050408 |
| Источник данных |
rusmarc |
| 852 ## - МЕСТОНАХОЖДЕНИЕ И ШИФР ХРАНЕНИЯ |
| Идентификатор организации |
NLR |
| Наименование фонда или коллекции (Sub-Location Identifier) |
Э |
| Шифр хранения (Call Number) |
КП/С160 |
| 942 ## - ДОПОЛНИТЕЛЬНЫЕ ЭЛЕМЕНТЫ ЗАПИСИ (АБИС) |
| Тип экземпляра АБИС |
Книга |
| 980 ## - КОЛЛЕКЦИЯ |
| Название коллекции |
Национальная библиография |